00481nam a22001577a 450000500170000000800410001702000150005804100130007308200150008610000290010124500810013025000190021126000390023030000290026965000250029820231130100244.0231130b |||||||| |||| 00| 0 eng d a9991650385 aEnglish  a332.6 SAU  aSaunderson, B lEnglish  aPrivate Investor : bA Practical Guide to Share Investment / cB Saunderson  aFirst Edition  aWindhoek : bCapital Press, c2000 biv, 88 pages ; c22 cm.  aLegal practice bLaw